Statystyki dla Fryderyki - album roku hip-hop

Kliknij tutaj aby rozwiązać quiz!

Ogólne statystyki

  • Ten quiz został rozwiązany 13 razy
  • Średni wynik to 6 z 24

Statystyki odpowiedzi

RokWykonawcaNazwa albumu% Poprawnych
2021Mata100 dni do matury
75%
2001PaktofonikaKinematografia
58%
2018Taco HemingwaySzprycer
58%
2022MataMłody Matczak
50%
2020Taco HemingwayPocztówka z WWA, lato '19
50%
2016Taco HemingwayUmowa o dzieło
50%
2019Taconafide / O.S.T.R. / PRO8L3MSoma 0,5 mg / Ground zero mixtape / W drodze po szczęście
42%
2017O.S.T.R.Życie po śmierci
42%
2002Peja/Slums AttackNa legalu?
33%
2000Kaliber 443:44
25%
2004AbradabCzerwony album
25%
2008O.S.T.R.HollyŁódź
25%
2010O.S.T.R.O.c.b.
25%
2023Magiera, Szczyl8171
17%
1997LiroyL
17%
2015O.S.T.R., Marco PoloKartagina
8%
2006Fisz EmadePiątek 13
8%
1998Reni JusisZakręcona
8%
2011AbradabAbradabing
0%
2005SistarsAIEOU
0%
1999LiroyDzień Szaka-L’a - Bafangoo cz. 2
0%
2009Fisz EmadeHeavi Metal
0%
2003SistarsSiła sióstr
0%
2012Fisz EmadeZwierzę bez nogi
0%

Rozkład punktacji

Percentyl według liczby udzielonych odpowiedzi

Procent ludzi z każdym wynikiem

Twoja historia wyników

Nie rozwiązałeś tego quizu